Neuromarketing ako moderná cesta k pochopeniu spotrebiteľského správania
Neuroveda, neurozobrazenie, neuromarketing a proces rozhodovania. Aplikácia neuromarketingu v marketingovom manažmente. Tradičný model nákupného správania. Model nákupného správania s využitím neuromarketingu. Neuromarketing a jeho význam pre budúci výskum. Etické dilemy s aplikáciou neurovedeckých...
Uložené v:
| Hlavný autor: | |
|---|---|
| Ďalší autori: | |
| Médium: | Kapitola |
| Jazyk: | Slovak |
| Predmet: | |
| Tagy: |
Žiadne tagy, Buďte prvý, kto otaguje tento záznam!
|
MARC
| LEADER | 00000naa$a2200000$$$4500 | ||
|---|---|---|---|
| 001 | 0120143 | ||
| 005 | 20240502072338.2 | ||
| 041 | 0 | |a slo | |
| 044 | |a SK | ||
| 245 | 1 | 0 | |a Neuromarketing ako moderná cesta k pochopeniu spotrebiteľského správania |c Katarína Dražová, Mária Vasiľová |
| 520 | |a Neuroveda, neurozobrazenie, neuromarketing a proces rozhodovania. Aplikácia neuromarketingu v marketingovom manažmente. Tradičný model nákupného správania. Model nákupného správania s využitím neuromarketingu. Neuromarketing a jeho význam pre budúci výskum. Etické dilemy s aplikáciou neurovedeckých metód v marketingu. | ||
| 610 | 2 | 0 | |a marketing |
| 610 | 2 | 0 | |a komunikácia marketingová |
| 610 | 2 | 0 | |a spotrebitelia |
| 610 | 2 | 0 | |a správanie spotrebiteľa |
| 610 | 2 | 0 | |a nákup |
| 610 | 2 | 0 | |a rozhodovanie |
| 610 | 2 | 0 | |a veda |
| 610 | 2 | 0 | |a výskum |
| 610 | 2 | 0 | |a etika |
| 100 | 1 | |a Dražová, Katarína | |
| 700 | 1 | |a Vasiľová, Mária, 1985- | |